000 00727nam a2200193 a 4500
005 20210223121121.0
008 991125s1994 es 000 0 spa u
020 _a8471761432
035 _aUPN01000012583
049 _aI
050 4 _aPZ78
_bC82
245 0 0 _aCuatro cuentos de Perrault /
_cversión de R. S. Torroella ; il. de Art. Studium.
260 _aBarcelona, Esp. :
_bCEAC :
_bTimun Mas,
_c1994.
300 _a2 v. :
_bil. col.
440 0 _aAndersen
505 8 _aContenido:
_gv.1.
_tEl gato con botas. Riquet el del tupé. Lasdos hermanas y el hada. Los tres deseos --
_gv.2.
_tLa bella durmiente del bosque. Pulgarcito. Piel de oso. La cenicienta
650 4 _aCUENTOS INFANTILES INDICOS
_912998
905 _aInfantil
999 _c12583
_d12583